000 00334nam a2200133Ia 4500
008 240624s9999 xx 000 0 und d
041 _aeng
082 _a658.4022 SAL
100 _aSALAS EDUARDO
245 _aTEAM EFFECTIVENESS IN COMPLEX ORGANIZATI
260 _c2008
_bRoutledge Academic
300 _a624 : p.
365 _cBPS
_b30
999 _c18075
_d18075